| 000 | 01005nam a22002775i 4500 | ||
|---|---|---|---|
| 001 | 177789 | ||
| 003 | ES-MaACL | ||
| 005 | 20250808062127.0 | ||
| 008 | 110426s1972 fr ab |||| | fre d | ||
| 080 | _a94(44)"1799/1815" | ||
| 100 | 1 |
_aBergeron, Louis. _927980 |
|
| 245 | 1 | 2 |
_aL'Épisode napoléonien _b: aspects intérieurs, 1799-1815. |
| 260 |
_a[París] : _bÉditions du Seuil, _cimp. 1972. |
||
| 300 |
_a2 v. : _bil. bl. y n. ; _c18 cm. |
||
| 490 | 1 |
_aNouvelle histoire de la France contemporaine ; _v4-5 |
|
| 500 | _aÍndices. | ||
| 504 | _aBibliografía. | ||
| 505 | 8 | 0 | _aContiene: vol. I. Aspects intérieurs / Louis Bergeron.- Vol. II. Aspects extérieurs / J. Lovie, A. Palluel-Guillard |
| 546 | _aTexto en francés. | ||
| 650 | 4 |
_a _9241201 |
|
| 700 | 1 |
_aLovie, J. _9146271 |
|
| 700 | 1 |
_aPalluel-Guillard, A. _9146272 |
|
| 830 | 0 | 0 |
_aNouvelle histoire de la France contemporaine _v4-5 _9190594 |
| 852 |
_aES-MaACL _jE-14995-96 _xOlim P-123 |
||
| 999 |
_c177789 _d177789 |
||